A MANUAL OF MACHINE DESIGN AND STRENGTH OF MATERIALS (Record no. 583923)
[ view plain ]
| 000 -LEADER | |
|---|---|
| fixed length control field | 00278nam a22001097a 4500 |
| 082 ## - DEWEY DECIMAL CLASSIFICATION NUMBER | |
| Classification number | 620.815 CAS |
| 100 ## - MAIN ENTRY--PERSONAL NAME | |
| Personal name | CASTLE,FRANK |
| 9 (RLIN) | 38832 |
| 245 ## - TITLE STATEMENT | |
| Title | A MANUAL OF MACHINE DESIGN AND STRENGTH OF MATERIALS |
| 260 ## - PUBLICATION, DISTRIBUTION, ETC. | |
| Place of publication, distribution, etc. | NEW YORK |
| Name of publisher, distributor, etc. | MACMILLIAN |
| Date of publication, distribution, etc. | 1968 |
| 300 ## - PHYSICAL DESCRIPTION | |
| Extent | 355P |
| 942 ## - ADDED ENTRY ELEMENTS (KOHA) | |
| Koha item type | Book |
| Source of classification or shelving scheme | |
| Withdrawn status | Lost status | Source of classification or shelving scheme | Damaged status | Not for loan | Permanent Location | Current Location | Shelving location | Date acquired | Full call number | Barcode | Date last seen | Price effective from | Koha item type |
|---|---|---|---|---|---|---|---|---|---|---|---|---|---|
| Damaged | College of Electrical & Mechanical Engineering (CEME) | College of Electrical & Mechanical Engineering (CEME) | General Stacks | 06/20/2017 | 620.815 CAS | CEME-7577 | 06/28/2021 | 06/28/2021 | Book |
